Fr. Conceicao Rodrigues College of Engineering

Operating system concepts:Windows XP update (Record no. 30763)

MARC details
000 -LEADER
fixed length control field 00353nam a2200145Ia 4500
082 ## - DEWEY DECIMAL CLASSIFICATION NUMBER
Classification number 005.43/SIL
100 ## - MAIN ENTRY--PERSONAL NAME
Personal name Silberschatz/ A/ Galvin/P.A
245 ## - TITLE STATEMENT
Title Operating system concepts:Windows XP update
260 ## - PUBLICATION, DISTRIBUTION, ETC.
Name of publisher, distributor, etc. John Wiley & Sons
Place of publication, distribution, etc. New Delhi
Date of publication, distribution, etc. 2004
366 ## - TRADE AVAILABILITY INFORMATION
Publishers's discount category 15
300 ## - PHYSICAL DESCRIPTION
Extent 951
546 ## - LANGUAGE NOTE
Language note ENGLISH
654 ## - SUBJECT ADDED ENTRY--FACETED TOPICAL TERMS
Focus term operating system
942 ## - ADDED ENTRY ELEMENTS (KOHA)
Koha item type BOOK
Holdings
Withdrawn status Lost status Damaged status Not for loan Collection Home library Current library Shelving location Date acquired Source of acquisition Cost, normal purchase price Total Checkouts Full call number Barcode Date last seen Cost, replacement price Price effective from Koha item type
        CRC Fr. Agnel's C.Rodrigues College of Engineering Fr. Agnel's C.Rodrigues College of Engineering   17/03/2023 Chemtech Books Pvt.Ltd. 409.80   005.43/SIL 16085 17/03/2023 424.80   BOOK
        CRC Fr. Agnel's C.Rodrigues College of Engineering Fr. Agnel's C.Rodrigues College of Engineering   17/03/2023 Chemtech Books Pvt.Ltd. 409.80   005.43/SIL 16086 17/03/2023 424.80   BOOK